| 000 | 01027nam a22002657a 4500 | ||
|---|---|---|---|
| 005 | 20170509110659.0 | ||
| 010 | _a1617EN ENG-110666 | ||
| 020 |
_a9781259097966 _c625.00 |
||
| 035 | _aB-653846-853 | ||
| 035 | _aEN-94198 | ||
| 035 | _aB-665134 | ||
| 037 | _bABC | ||
| 037 | _bDBAD/PUB | ||
| 082 | _a658.8 | ||
| 100 | _aHavaldar, Krishna K. | ||
| 245 |
_aBusiness marketing : _cby Krishna K. Havaldar _btext and cases / |
||
| 250 | _a4th ed | ||
| 260 |
_aNew Delhi _bMcGraw Hill Education _c2014 |
||
| 270 |
_aP-24, Green Park Extn. _bNew Delhi _e110016 |
||
| 300 |
_axix,608p. _c24cm(pbk) |
||
| 500 | _aIncludes index | ||
| 942 |
_2ddc _cEN _mHAV _h658.8 |
||
| 999 |
_c87915 _d87915 |
||